000 00796nam a2200253 a 4500
001 adlib96000001
003 ViArRB
005 200902210153555.7
008 960221s1955 dcuabcdjdbkoqu001 0deng d
020 _a
022 _a
040 _aAdlib
082 _a809.481.1-1/-9
245 _aLiterary genres in Tamil: a supplement to a descriptive catalogue of palm- leaf mauscripts in Tamil
250 _a
260 _aMadras
_bInstitute of Asian Studies
_c1993
300 _ax,493p.
_c
500 _a
100 _aSubramanian, A.V.
_e
700 _a
_a
942 _cBK
653 _aLiterary forms
_aLiterary forms - Tamil
_aTamil Literature
_aLiterary Genres
952 _w2010-06-16
_pG0005585
_r2010-06-16
_40
_00
_bUL
_10
_o809.481.1-1/-9 SUB
_d2010-06-16
_70
_yBK
_aUL
999 _c41179
_d41178